000 00556nam a2200181Ia 4500
003 GCL
008 140319s9999 xx 000 0 ara d
040 _aGCL /
_cGCL
082 0 4 _a343.04
_bا د
100 1 _aالاهرام الاقتصادى
245 1 0 _aدليل الضرائب /
_cالاهرام الاقتصادى
300 _a95 ص
490 _aالهيئة العامة للاستعلامات
_v0
650 0 4 _aالضرائب
650 0 4 _aضرائب التركات
650 0 4 _aضرائب الارباح التجارية
942 _2ddc
_cBK
999 _c50661
_d50661